000 00839nam a2200253 c 4500
001 000030432
003 RuMoIPM
005 20260428114855.0
008 190301s1971 ru a||||||||||||||||rus d
035 _a(RuMoBEN) 001762937
035 _a(RuMoBEN-CBP Bibliobus) 117519
040 _aRuMoBEN
_brus
_ercr
041 _arus
044 _aru
080 _a51(075.8)
100 1 _aМышкис, Анатолий Дмитриевич
245 0 0 _aМатематика для втузов
_bСпециальные курсы
_cА. Д. Мышкис
260 _aМосква
_bНаука
_c1971
300 _a632 с.
_bил.
500 _aНа обл. загл.: Математика. Спец. курсы. Для втузов.
504 _aБиблиогр.: с. 621-625
504 _aАлф. указ.: с. 626-632
942 _cBK
999 _c30432
_d30432